|
|
|
|
| LEADER |
00000ny a22000003n 4500 |
| 005 |
20110516130338.0 |
| 008 |
981015u1997uuuuat fr p s 0 0eng c |
| 022 |
|
|
|a 1326-8481
|
| 035 |
|
|
|a 5186
|
| 040 |
|
|
|a MnMULS
|d vLex
|
| 050 |
0 |
0 |
|a HC460.5.A1
|b A86
|
| 050 |
0 |
0 |
|a HC460.5.A1
|b A86
|
| 090 |
|
|
|c 1956
|d 1956
|
| 245 |
0 |
4 |
|a The Asia Pacific journal of economics & business
|h [Recurso electrn̤ico]
|
| 246 |
3 |
|
|a Asia Pacific journal of economics and business
|
| 256 |
|
|
|a Servicio en ln̕ea
|
| 260 |
|
|
|a Perth, W.A. :
|b Jointly published by the Institute for Research into International Competitiveness (IRIC), Curtin University of Technology, and the Association of Economic Studies, Ryukoku University,
|
| 310 |
|
|
|a Two issues yearly
|
| 506 |
1 |
|
|a Contenido solo disponible en los productos indicados
|d vLex Global
|d vLex Global (Academic Edition, excluding Law Schools)
|d vLex Global (U.S. Academic Edition, excluding Law Schools)
|
| 710 |
2 |
|
|a Curtin University of Technology.
|b Institute for Research into International Competitiveness
|
| 710 |
2 |
|
|a Ryukoku Daigaku.
|b Association of Economic Studies
|
| 740 |
|
|
|a vLex Revista (Servicios en ln̕ea)
|
| 843 |
|
|
|a Electrn̤ica. Abierta
|
| 853 |
|
|
|8 1
|i (year)
|j (month)
|k (day)
|
| 856 |
4 |
0 |
|z Acceso restringido
|u http://vlex.com/account/login_ip?fuente_id=5186
|
| 942 |
|
|
|c REV
|
| 999 |
0 |
|
|a Business and economy
|